000 00733nam a2200217 a 4500
001 38828
003 BD-RjUL
005 20211209052851.0
008 160718s1972 ii ||||| |||| 00| 0 ben d
035 _a(BD-RjUL)38937
040 _aBD-RjUL
_beng
_cBD-RjUL
041 _aben
082 _223
_a891.443
_bJAN 1972
100 _aজরাসন্ধ
_9119755
245 _aনিঃসঙ্গ পথিক /
_cজরাসন্ধ
260 _aকলিকাতা :
_bমিত্র ও ঘোষ,
_c১৯৭২.
300 _a৩০৩ পৃ. ;
_c২২ সেমি.
650 _aবাংলা সাহিত্য
_vউপন্যাস
_9116625
650 _aBengali Literature
_vNovels
_9116939
942 _2ddc
_cBK
_02
999 _c38828
_d38828